00503nam a2200181 a 4500001001300000003000900013005001700022008004100039020000800080082001500088100002400103245008000127260002900207300000900236500003500245505001700280700002400297nice12345678IN_TiNIC20260116012411.0050524s1976 leia grp 000 0 eng  ac000a297.4bSCH aSchimmel, Annemarie aPain and Grace;a Study of Two Mystical Writers of Eighteenth Century Muslim aLeidenbE.J. Brillc1976 a310p aincludes index and biblioraphy2 abibliography1 aSchimmel, Annemarie